<?xml version="1.0" encoding="UTF-8"?>
<record
    xmlns:xsi="http://www.w3.org/2001/XMLSchema-instance"
    xsi:schemaLocation="http://www.loc.gov/MARC21/slim http://www.loc.gov/standards/marcxml/schema/MARC21slim.xsd"
    xmlns="http://www.loc.gov/MARC21/slim">

  <leader>00411nam a22001697a 4500</leader>
  <controlfield tag="003">ASAB</controlfield>
  <controlfield tag="005">20180827062749.0</controlfield>
  <controlfield tag="008">151208t        xxu||||| |||| 00| 0 eng d</controlfield>
  <datafield tag="020" ind1=" " ind2=" ">
    <subfield code="6">81-7754-139-0</subfield>
  </datafield>
  <datafield tag="040" ind1=" " ind2=" ">
    <subfield code="c">ASAB</subfield>
  </datafield>
  <datafield tag="082" ind1=" " ind2=" ">
    <subfield code="a">660.6</subfield>
  </datafield>
  <datafield tag="100" ind1=" " ind2=" ">
    <subfield code="a">S.S. Purohit</subfield>
    <subfield code="9">1615</subfield>
  </datafield>
  <datafield tag="245" ind1=" " ind2=" ">
    <subfield code="a">Biotechnology fundamentals and applications</subfield>
  </datafield>
  <datafield tag="250" ind1=" " ind2=" ">
    <subfield code="a">fourth enlarged edition</subfield>
  </datafield>
  <datafield tag="300" ind1=" " ind2=" ">
    <subfield code="a">1049 P</subfield>
  </datafield>
  <datafield tag="942" ind1=" " ind2=" ">
    <subfield code="2">ddc</subfield>
    <subfield code="c">BK</subfield>
  </datafield>
  <datafield tag="999" ind1=" " ind2=" ">
    <subfield code="c">480575</subfield>
    <subfield code="d">480575</subfield>
  </datafield>
  <datafield tag="952" ind1=" " ind2=" ">
    <subfield code="0">0</subfield>
    <subfield code="1">0</subfield>
    <subfield code="2">ddc</subfield>
    <subfield code="4">0</subfield>
    <subfield code="7">0</subfield>
    <subfield code="8">REF</subfield>
    <subfield code="a">ASAB</subfield>
    <subfield code="b">ASAB</subfield>
    <subfield code="d">2017-12-12</subfield>
    <subfield code="l">3</subfield>
    <subfield code="m">2</subfield>
    <subfield code="o">660.6 PUR</subfield>
    <subfield code="p">ASAB1836</subfield>
    <subfield code="r">2026-03-12</subfield>
    <subfield code="s">2026-03-05</subfield>
    <subfield code="w">2017-12-12</subfield>
    <subfield code="y">BK</subfield>
  </datafield>
</record>
